000
00348 a2200169 4500
001
187094
020
_a
85-16-03102-0
040
_c
Magnum
100
_a
Furnari, Eva
240
1
0
_a
Não confunda...
_l
por
245
1
0
_a
Não confunda...
300
_a
31
362
0
_a
2007
440
1
_a
Moderna
697
_a
LITERATURA INFANTIL
942
_c
BK
999
_c
187094
_d
187094